Reichste Deutsche Städte nach BIP pro Kopf - Statistiken

Allgemein
  • Dieses Quiz wurde 425 mal gespielt
  • Das Durchschnittsergebnis liegt bei 12 aus 20
Antwortstatistiken
PIB pro Kopf Stadt % Korrekt
86.529 München
99%
70.620 Hamburg
93%
87.513 Stuttgart
91%
97.270 Frankfurt am Main
87%
87.338 Düsseldorf
81%
104.441 Mainz
70%
69.151 Mannheim
63%
158.749 Wolfsburg
63%
130.509 Ingolstadt
59%
68.556 Wiesbaden
59%
72.016 Karlsruhe
57%
81.955 Ulm
57%
81.997 Bonn
56%
90.529 Regensburg
49%
68.164 Würzburg
48%
82.448 Braunschweig
43%
88.497 Darmstadt
43%
76.899 Koblenz
41%
76.182 Ludwigshafen am Rhein
39%
104.698 Erlangen
37%
Keine übereinstimmenden Quizze gefunden
Verteilung der Resultate
Anzahl Personen mit jedem Resultat
Perzentil nach korrekt beantworteten Fragen
Ihre Resultats-Entwicklung
Sie haben dieses Quiz noch nicht gespielt